Miasta w których odbył się finał Ligi Mistrzów. - Statystyki

Ogólne statystyki
  • Ten quiz został rozwiązany 118 razy
  • Średni wynik to 23 z 27
Statystyki odpowiedzi
Miasto finały Kraj % Poprawnych
Ateny 3 Grecja
100%
Bruksela 5 Belgia
100%
Madryt 5 Hiszpania
100%
Paryż 5 Francja
100%
Rzym 4 Włochy
100%
Londyn 7 UK(Anglia)
99%
Berlin 1 Niemcy
98%
Lizbona 3 Portugalia
98%
Monachium 4 Niemcy
98%
Wiedeń 4 Austria
98%
Amsterdam 2 Holandia
96%
Barcelona 2 Hiszpania
96%
Moskwa 1 Rosja
95%
Mediolan 4 Włochy
94%
Kijów 1 Ukraina
93%
Glasgow 3 Szkocja
91%
Porto 1 Portugalia
89%
Stambuł 1 Turcja
88%
Rotterdam 2 Holandia
84%
Belgrad 1 Serbia
83%
Cardiff 1 UK(Walia)
80%
Berno 1 Szwajcaria
79%
Manchester 1 UK(Anglia)
79%
Sewilla 1 Hiszpania
52%
Gelsenkirchen 1 Niemcy
31%
Stuttgart 2 Niemcy
27%
Bari 1 Włochy
17%
Nie znaleziono quizów pasujących do podanych kryteriów
Rozkład punktacji
Procent ludzi z każdym wynikiem
Percentyl według liczby udzielonych odpowiedzi
Twoja historia wyników
Nie rozwiązałeś tego quizu